00818nam a22002537a 450000500170000001000130001702000220003003500130005203700160006504000120008108200170009310000300011024500550014024600060019526000390020127000520024030000200029250000200031265000300033265000280036294200260039099900190041695201290043520170124105916.0 aB-031241 c00.00a8187317787 aB-031241 bCen Lib/Ret aDPLbEN a005.754bFER aFrenandes, Ashwin9106583 aData management technology /cby Ashwin frenandes  b  bRajat Publications c2000a Delhi  b Delhia4837/24, Ansari road, Daryaganje110002 a271p.c22cm(Hb) aIncludes index  aComputer science 9106584 aData management 92554 2ddccENh005.754mFER c122829d122829 001040718REFaLbLd2015-05-30eCen Lib/Retg0.00l0o005.754 FERpB-031241r2015-05-30 00:00:00t1v0.00w2016-09-15yEN